000 00363cam a2200157ua 4500
041 _aeng
_h
082 _a828.09
_bLUC/TE
100 _aLucas, F L .
245 _aTennyson /
_cF L Lucas.
_hTextual Documents
250 _a1 /
_b.
260 _aLondon :
_bLongman Green and Co ,
_c1961.
300 _a40 ; .
504 _a
942 _cBK
999 _c6704
_d6704